[Event "mgubl10"]
[Site "?"]
[Date "2017.11.25"]
[Round "1.1"]
[White "Metev, Martin"]
[Black "Ivanov, Daniel"]
[Result "1-0"]
[WhiteElo "1987"]
[BlackElo "1758"]
[PlyCount "75"]
[EventDate "2017.11.25"]
[EventType "tourn (blitz)"]
[EventRounds "16"]
[EventCountry "BUL"]

1. e4 d5 2. exd5 Qxd5 3. d4 Qa5+ 4. Bd2 Qb6 5. Nc3 c6 6. Nf3 Nf6 7. Bc4 e6 8.
Bb3 Bd6 9. O-O O-O 10. h3 Nbd7 11. Re1 Qc7 12. a4 b6 13. Bg5 Bb7 14. Qd3 h6 15.
Be3 Nd5 16. Nxd5 exd5 17. Qd2 Rae8 18. c3 f5 19. Qd3 Re4 20. Nd2 Ree8 21. Nf3
Re4 22. c4 f4 23. Bd2 Rfe8 24. Rxe4 Rxe4 25. Rc1 Nf6 26. cxd5 c5 27. dxc5 bxc5
28. Bc3 c4 29. Qb1 Bxd5 30. Bc2 Re8 31. Rd1 Bxf3 32. gxf3 Qc6 33. Bxf6 gxf6 34.
Be4 Qc5 35. Qc2 Be5 36. Kh1 Rb8 37. Bd5+ Kh8 38. Qg6 1-0

[Event "mgubl10"]
[Site "?"]
[Date "2017.11.25"]
[Round "1.3"]
[White "Babatov, Martin"]
[Black "Dimova, Mariya"]
[Result "1-0"]
[WhiteElo "1578"]
[BlackElo "1434"]
[PlyCount "83"]
[EventDate "2017.11.25"]
[EventType "tourn (blitz)"]
[EventRounds "16"]
[EventCountry "BUL"]

1. d4 d5 2. c4 Nc6 3. Bf4 Bf5 4. e3 e6 5. Nc3 Bb4 6. c5 Bxc3+ 7. bxc3 Nf6 8.
Nf3 Ne4 9. Qb3 O-O 10. Be2 g5 11. Be5 Nxe5 12. Nxe5 f6 13. Nf3 g4 14. Nh4 c6
15. Nxf5 exf5 16. Bd3 Qc7 17. Bxe4 fxe4 18. Rb1 Rab8 19. Kd2 f5 20. g3 h5 21.
h3 b5 22. Ke2 Qg7 23. Kf1 Qg5 24. Kg2 h4 25. hxg4 Qxg4 26. Rxh4 Qf3+ 27. Kg1
Rb7 28. Qd1 Rh7 29. Qxf3 exf3 30. Rxh7 Kxh7 31. Kh2 Rf6 32. Rh1 Rh6+ 33. Kg1
Rxh1+ 34. Kxh1 Kg6 35. Kh2 Kg5 36. Kh3 a6 37. a3 a5 38. Kh2 a4 39. Kh3 Kf6 40.
Kh4 Ke6 41. Kg5 b4 42. cxb4 1-0

[Event "mgubl10"]
[Site "?"]
[Date "2017.11.25"]
[Round "1.4"]
[White "Georgiev, Nikolay Zh."]
[Black "Simeonov, Daniel"]
[Result "0-1"]
[WhiteElo "1588"]
[BlackElo "1522"]
[PlyCount "83"]
[EventDate "2017.11.25"]
[EventType "tourn (blitz)"]
[EventRounds "16"]
[EventCountry "BUL"]

1. e4 e6 2. Nc3 c5 3. Bc4 Nc6 4. a3 Be7 5. d3 a6 6. Nge2 Ne5 7. Ba2 Nf6 8. f4
Nc6 9. e5 Ng8 10. Ne4 d5 11. exd6 Bxd6 12. Nxd6+ Qxd6 13. O-O Nf6 14. Kh1 b6
15. Ng3 Bb7 16. f5 Nd4 17. fxe6 Nxe6 18. Bxe6 fxe6 19. Bf4 e5 20. Bg5 O-O 21.
Bxf6 Rxf6 22. Rxf6 Qxf6 23. Qf1 Rf8 24. Qxf6 Rxf6 25. Kg1 g6 26. Rf1 Kg7 27.
Rxf6 Kxf6 28. Ne2 Ke6 29. g3 h6 30. Kf2 g5 31. Nc3 Bc6 32. Ke3 h5 33. Ne4 Bxe4
34. Kxe4 b5 35. h4 g4 36. b3 a5 37. c4 b4 38. a4 Kf6 39. Kd5 Kf5 40. Kxc5 e4
41. dxe4+ Kxe4 42. Kb5 0-1

[Event "mgubl10"]
[Site "?"]
[Date "2017.11.25"]
[Round "3.1"]
[White "Mladenov, Andrey"]
[Black "Iliev, Dimitar"]
[Result "0-1"]
[WhiteElo "1595"]
[BlackElo "2145"]
[PlyCount "86"]
[EventDate "2017.11.25"]
[EventType "tourn (blitz)"]
[EventRounds "16"]
[EventCountry "BUL"]

1. e4 c6 2. d4 d6 3. Nf3 Qc7 4. c4 Bg4 5. Be2 e5 6. d5 Nf6 7. Nc3 Be7 8. O-O
O-O 9. h3 Bxf3 10. Bxf3 a6 11. Be3 c5 12. Be2 Nbd7 13. f4 exf4 14. Bxf4 h6 15.
Rc1 Nh7 16. Bg4 Bg5 17. Bxg5 Nxg5 18. Bxd7 Qxd7 19. Rf5 Rae8 20. Qd3 Nxe4 21.
Rf3 Nxc3 22. Rxc3 Re1+ 23. Kh2 Qe7 24. Rg3 Qe5 25. Qf3 Re8 26. Qg4 g6 27. Rcf3
h5 28. Qh4 Re4 29. Qg5 Qxg5 30. Rxg5 Rxc4 31. Rgg3 Rc2 32. Rb3 b5 33. Rgf3 Ree2
34. Rg3 Rxb2 35. Ra3 Rxa2 36. Raf3 c4 37. Rf6 c3 38. Rxd6 c2 39. Rc6 Rd2 40.
Rgc3 Rxg2+ 41. Kh1 Rh2+ 42. Kg1 Rd2 43. d6 Ra1# 0-1

[Event "mgubl10"]
[Site "?"]
[Date "2017.11.25"]
[Round "3.2"]
[White "Babatov, Martin"]
[Black "Ivanov, Daniel"]
[Result "0-1"]
[WhiteElo "1578"]
[BlackElo "1758"]
[PlyCount "62"]
[EventDate "2017.11.25"]
[EventType "tourn (blitz)"]
[EventRounds "16"]
[EventCountry "BUL"]

1. Nf3 c5 2. c4 Nc6 3. Nc3 e6 4. g3 a6 5. Bg2 Nf6 6. O-O Be7 7. d4 cxd4 8. Nxd4
Nxd4 9. Qxd4 O-O 10. e4 d6 11. Be3 e5 12. Qd3 Bd7 13. Nd5 Nxd5 14. cxd5 Bb5 15.
Qb3 Bxf1 16. Bxf1 b5 17. a4 bxa4 18. Rxa4 Qc8 19. Qa3 f5 20. Bxa6 Qc2 21. exf5
Qxf5 22. b4 Rfb8 23. b5 e4 24. b6 Qf3 25. b7 Qd1+ 26. Kg2 Rxb7 27. Bxb7 Rxa4
28. Qc3 Ra1 29. Qc8+ Bf8 30. Qe6+ Kh8 31. g4 Qf3# 0-1

[Event "mgubl10"]
[Site "?"]
[Date "2017.11.25"]
[Round "3.4"]
[White "Simeonov, Daniel"]
[Black "Dimova, Mariya"]
[Result "1-0"]
[WhiteElo "1522"]
[BlackElo "1434"]
[PlyCount "60"]
[EventDate "2017.11.25"]
[EventType "tourn (blitz)"]
[EventRounds "16"]
[EventCountry "BUL"]

1. d4 d5 2. e3 Nc6 3. c4 Bf5 4. Nf3 e6 5. Nc3 Bb4 6. Bd2 Bxc3 7. Bxc3 Nf6 8.
Be2 O-O 9. O-O Ng4 10. a3 Qd6 11. b4 Be4 12. g3 Ne7 13. b5 c5 14. bxc6 bxc6 15.
Bb4 Qc7 16. cxd5 cxd5 17. Rc1 Qb7 18. Qd2 f5 19. h3 Nh6 20. Ne5 f4 21. f3 Bf5
22. g4 Bg6 23. h4 fxe3 24. Qxe3 a5 25. Nxg6 hxg6 26. Qxe6+ Kh7 27. Bxe7 Rf4 28.
Bd3 Rxg4+ 29. fxg4 Re8 30. Qxg6+ Kh8 1-0

[Event "mgubl10"]
[Site "?"]
[Date "2017.11.25"]
[Round "5.1"]
[White "Babatov, Martin"]
[Black "Metev, Martin"]
[Result "0-1"]
[WhiteElo "1578"]
[BlackElo "1987"]
[PlyCount "69"]
[EventDate "2017.11.25"]
[EventType "tourn (blitz)"]
[EventRounds "16"]
[EventCountry "BUL"]

1. d4 e6 2. e4 d5 3. exd5 exd5 4. Bd3 Nf6 5. h3 Bd6 6. Nf3 O-O 7. O-O Re8 8.
Re1 c6 9. c3 h6 10. Nbd2 b6 11. Nf1 Bb7 12. Bd2 Nbd7 13. Rxe8+ Qxe8 14. Qe1 Qd8
15. Qe2 Qc7 16. Re1 c5 17. dxc5 bxc5 18. Ne3 Re8 19. Qf1 g6 20. Nc2 Kg7 21.
Rxe8 Nxe8 22. Qe2 Qd8 23. Na3 c4 24. Bc2 a6 25. Nd4 Nef6 26. Qe3 Ng8 27. f4 Qf6
28. Qg3 Kh7 29. Nb1 Ne7 30. Be3 Bc5 31. Nd2 h5 32. N2f3 Kg8 33. Qg5 Qg7 34. Ne5
f6 35. Qg3 0-1

[Event "mgubl10"]
[Site "?"]
[Date "2017.11.25"]
[Round "5.2"]
[White "Georgiev, Nikolay Zh."]
[Black "Iliev, Dimitar"]
[Result "0-1"]
[WhiteElo "1588"]
[BlackElo "2145"]
[PlyCount "50"]
[EventDate "2017.11.25"]
[EventType "tourn (blitz)"]
[EventRounds "16"]
[EventCountry "BUL"]

1. e4 c6 2. Nc3 d6 3. d4 Nf6 4. Nf3 Bg4 5. h3 Bxf3 6. Qxf3 Nbd7 7. Bc4 e5 8.
Qd3 Be7 9. O-O O-O 10. f4 b5 11. Bb3 exd4 12. Qxd4 c5 13. Qe3 c4 14. Nxb5 cxb3
15. axb3 d5 16. e5 Bc5 17. Nd4 Qb6 18. c3 Ne4 19. b4 Bxd4 20. Qxd4 Qxd4+ 21.
cxd4 Rfc8 22. Be3 Rc2 23. Rfc1 Rxc1+ 24. Rxc1 Kf8 25. Rc7 Ke7 0-1

[Event "mgubl10"]
[Site "?"]
[Date "2017.11.25"]
[Round "5.3"]
[White "Simeonov, Daniel"]
[Black "Ivanov, Daniel"]
[Result "0-1"]
[WhiteElo "1522"]
[BlackElo "1758"]
[PlyCount "46"]
[EventDate "2017.11.25"]
[EventType "tourn (blitz)"]
[EventRounds "16"]
[EventCountry "BUL"]

1. d4 d5 2. e3 Nf6 3. Bd3 c6 4. c4 e6 5. Nf3 dxc4 6. Bxc4 Be7 7. Nc3 Nbd7 8. a3
a6 9. O-O b5 10. Bd3 Bb7 11. b4 O-O 12. Bb2 Qc7 13. Qe2 Bd6 14. e4 e5 15. h3
exd4 16. Nxd4 Ne5 17. Nf5 Nxd3 18. Qxd3 Be5 19. Qe2 Rae8 20. Rfe1 Bxc3 21. Bxc3
Rxe4 22. Qc2 Rfe8 23. Bxf6 Rxe1+ 0-1

[Event "mgubl10"]
[Site "?"]
[Date "2017.11.25"]
[Round "6.2"]
[White "Iliev, Dimitar"]
[Black "Simeonov, Daniel"]
[Result "1-0"]
[WhiteElo "2145"]
[BlackElo "1522"]
[PlyCount "71"]
[EventDate "2017.11.25"]
[EventType "tourn (blitz)"]
[EventRounds "16"]
[EventCountry "BUL"]

1. e4 e6 2. d4 c5 3. Nf3 cxd4 4. Nxd4 Nc6 5. Nc3 a6 6. g3 g6 7. Bg2 Bg7 8. Nxc6
bxc6 9. O-O d5 10. exd5 cxd5 11. Re1 Ne7 12. Bg5 O-O 13. Nxd5 f6 14. Nxe7+ Qxe7
15. Bxa8 fxg5 16. Bg2 h5 17. Qd3 Qf6 18. Qe2 h4 19. c3 e5 20. Bd5+ Kh8 21. c4
Bf5 22. c5 hxg3 23. hxg3 e4 24. Kg2 Bd7 25. Rh1+ Bh6 26. Rxh6+ Kg7 27. Rah1
Qf3+ 28. Qxf3 exf3+ 29. Bxf3 Kf6 30. c6 Bc8 31. c7 Re8 32. Rc1 Re7 33. Rc6+ Kg7
34. Rhxg6+ Kf7 35. Rcf6+ Ke8 36. Bc6+ 1-0

[Event "mgubl10"]
[Site "?"]
[Date "2017.11.25"]
[Round "6.3"]
[White "Metev, Martin"]
[Black "Georgiev, Nikolay Zh."]
[Result "1-0"]
[WhiteElo "1987"]
[BlackElo "1588"]
[PlyCount "40"]
[EventDate "2017.11.25"]
[EventType "tourn (blitz)"]
[EventRounds "16"]
[EventCountry "BUL"]

1. e4 e5 2. Nf3 Nc6 3. c4 Bb4 4. a3 Bc5 5. b4 Bd4 6. Nc3 d6 7. b5 Bxc3 8. dxc3
Nce7 9. a4 b6 10. Bd3 Bb7 11. O-O Nf6 12. Re1 Ng6 13. g3 Qd7 14. Qe2 O-O 15. h4
Qg4 16. Qe3 Nh5 17. Nh2 Qe6 18. a5 f5 19. exf5 Qxf5 20. Bxf5 Bc8 1-0

[Event "mgubl10"]
[Site "?"]
[Date "2017.11.25"]
[Round "6.4"]
[White "Mladenov, Andrey"]
[Black "Babatov, Martin"]
[Result "0-1"]
[WhiteElo "1595"]
[BlackElo "1578"]
[PlyCount "70"]
[EventDate "2017.11.25"]
[EventType "tourn (blitz)"]
[EventRounds "16"]
[EventCountry "BUL"]

1. d4 c6 2. c4 d5 3. Nc3 Nf6 4. Nf3 Bf5 5. e3 e6 6. Qb3 Qb6 7. Qxb6 axb6 8. Nh4
Bg6 9. Nxg6 hxg6 10. Bd3 dxc4 11. Bxc4 Nbd7 12. O-O Bd6 13. g3 Ng4 14. h4 Ndf6
15. Kg2 O-O-O 16. e4 Bc7 17. f3 Nh6 18. Be3 Nh5 19. a4 Nxg3 20. Rfd1 Ng8 21. a5
bxa5 22. f4 Nh5 23. d5 exd5 24. exd5 Nxf4+ 25. Bxf4 Bxf4 26. dxc6 bxc6 27. Bxf7
Rxd1 28. Rxd1 Nf6 29. Bxg6 Rxh4 30. Bf5+ Kc7 31. Kf3 Bd6 32. Rg1 Rf4+ 33. Ke3
Rxf5 34. Rxg7+ Kd8 35. Ra7 Bc5+ 0-1

[Event "mgubl10"]
[Site "?"]
[Date "2017.11.25"]
[Round "7.1"]
[White "Georgiev, Nikolay Zh."]
[Black "Mladenov, Andrey"]
[Result "1-0"]
[WhiteElo "1588"]
[BlackElo "1595"]
[PlyCount "101"]
[EventDate "2017.11.25"]
[EventType "tourn (blitz)"]
[EventRounds "16"]
[EventCountry "BUL"]

1. e4 e5 2. Nc3 Nf6 3. d4 exd4 4. Qxd4 Nc6 5. Qe3 Nb4 6. Bd3 Nxd3+ 7. Qxd3 d6
8. Be3 Be7 9. f3 O-O 10. O-O-O a5 11. g4 Bd7 12. Nge2 Bc6 13. Ng3 g6 14. g5 Nd7
15. h4 Ne5 16. Qe2 b5 17. f4 Nc4 18. Bd4 Bd7 19. h5 Qc8 20. hxg6 fxg6 21. Qh2
Rf7 22. Rdf1 c5 23. Bf2 Bc6 24. Nd5 Bxd5 25. exd5 Bf8 26. Be1 Bg7 27. c3 Qe8
28. Qxh7+ Kf8 29. Bd2 Nxd2 30. Kxd2 Qe7 31. Qxg6 Re8 32. Re1 Qd7 33. Rxe8+ Qxe8
34. Re1 Qd7 35. Qe6 Qxe6 36. dxe6 Rxf4 37. e7+ Ke8 38. Nh5 Rf7 39. Nf6+ Bxf6
40. gxf6 Rxf6 41. a4 b4 42. cxb4 cxb4 43. Kd3 Rf7 44. Kc4 Rxe7 45. Rxe7+ Kxe7
46. Kb5 d5 47. Kxa5 d4 48. Kxb4 Kd6 49. Kc4 Ke5 50. Kd3 Kd5 51. b4 1-0

[Event "mgubl10"]
[Site "?"]
[Date "2017.11.25"]
[Round "7.2"]
[White "Simeonov, Daniel"]
[Black "Metev, Martin"]
[Result "0-1"]
[WhiteElo "1522"]
[BlackElo "1987"]
[PlyCount "56"]
[EventDate "2017.11.25"]
[EventType "tourn (blitz)"]
[EventRounds "16"]
[EventCountry "BUL"]

1. e4 e6 2. Nf3 d5 3. exd5 exd5 4. d4 Nf6 5. Bd3 Bd6 6. O-O O-O 7. Nc3 c6 8.
Ne2 Bg4 9. Ng3 Qb6 10. c3 Qc7 11. Bg5 Nbd7 12. Re1 Rfe8 13. Qd2 Bxf3 14. gxf3
h6 15. Be3 b6 16. Kg2 c5 17. dxc5 bxc5 18. Bc2 Rab8 19. b3 a5 20. Nf5 Bf8 21.
Rac1 Qb7 22. Rcd1 Rbd8 23. Qc1 Ne5 24. Bf4 Ng6 25. Bg3 Nh5 26. Rxe8 Rxe8 27.
Qd2 Qd7 28. Re1 Nhf4+ 0-1

[Event "mgubl10"]
[Site "?"]
[Date "2017.11.25"]
[Round "7.3"]
[White "Dimova, Mariya"]
[Black "Iliev, Dimitar"]
[Result "0-1"]
[WhiteElo "1434"]
[BlackElo "2145"]
[PlyCount "70"]
[EventDate "2017.11.25"]
[EventType "tourn (blitz)"]
[EventRounds "16"]
[EventCountry "BUL"]

1. e4 c6 2. Nf3 d6 3. d4 Qc7 4. Be3 e5 5. c3 Nf6 6. Bd3 Bg4 7. O-O Be7 8. h3
Bxf3 9. Qxf3 O-O 10. Nd2 Nbd7 11. Rae1 a5 12. Qg3 Nh5 13. Qg4 Ndf6 14. Qg5 h6
15. Qh4 g5 16. Bxg5 hxg5 17. Qxg5+ Ng7 18. f4 Nxe4 19. Qh6 f5 20. Nxe4 fxe4 21.
Bxe4 Rf6 22. Qh7+ Kf7 23. fxe5 dxe5 24. Bg6+ Ke6 25. Rxe5+ Kd7 26. Rxf6 Bxf6
27. Bf5+ Kd6 28. Qg6 Rf8 29. g4 Qf7 30. Qh6 Nxf5 31. Rxf5 Ke6 32. Qe3+ Kd7 33.
c4 Qxc4 34. Rxa5 Bxd4 35. Qxd4+ Qxd4+ 0-1

[Event "mgubl10"]
[Site "?"]
[Date "2017.11.25"]
[Round "8.2"]
[White "Metev, Martin"]
[Black "Dimova, Mariya"]
[Result "1-0"]
[WhiteElo "1987"]
[BlackElo "1434"]
[PlyCount "87"]
[EventDate "2017.11.25"]
[EventType "tourn (blitz)"]
[EventRounds "16"]
[EventCountry "BUL"]

1. e4 e5 2. Nf3 Nc6 3. Bb5 Nd4 4. Nxd4 exd4 5. O-O d3 6. Bxd3 Bc5 7. Bc4 c6 8.
Bxf7+ Kxf7 9. Qh5+ g6 10. Qxc5 d6 11. Qc4+ Be6 12. Qb4 Qc7 13. d4 Nf6 14. f3 h5
15. Bf4 h4 16. e5 Nd5 17. Qd2 Nxf4 18. Qxf4+ Kg7 19. Qf6+ Kh6 20. Qxe6 dxe5 21.
Qxe5 Qf7 22. Qe3+ g5 23. Qf2 Raf8 24. Nc3 Qf4 25. Rae1 Kg7 26. Re7+ Kg8 27. Qe3
Qf5 28. Qe6+ Qxe6 29. Rxe6 h3 30. g4 Rf4 31. Re8+ Kg7 32. Re7+ Kf6 33. Rfe1 Kg6
34. R1e6+ Rf6 35. Rxf6+ Kxf6 36. Rxb7 Rd8 37. Ne4+ Ke6 38. Nxg5+ Kf6 39. Ne4+
Ke6 40. c3 c5 41. Nxc5+ Kd5 42. Rd7+ Rxd7 43. Nxd7 Kc4 44. g5 1-0

[Event "mgubl10"]
[Site "?"]
[Date "2017.11.25"]
[Round "8.3"]
[White "Mladenov, Andrey"]
[Black "Simeonov, Daniel"]
[Result "1-0"]
[WhiteElo "1595"]
[BlackElo "1522"]
[PlyCount "57"]
[EventDate "2017.11.25"]
[EventType "tourn (blitz)"]
[EventRounds "16"]
[EventCountry "BUL"]

1. e4 e6 2. d4 c5 3. Nf3 cxd4 4. Nxd4 Nc6 5. c4 Nxd4 6. Qxd4 b6 7. Nc3 Be7 8.
Qxg7 Bf6 9. Qg3 Nh6 10. e5 Nf5 11. Qg4 Be7 12. Bd3 Nh6 13. Qg7 Rg8 14. Qxh6
Rxg2 15. Be4 Rg8 16. Bxa8 Qc7 17. Qxh7 Qxe5+ 18. Be4 Rg4 19. f3 Rg7 20. Qh8+
Bf8 21. Bh6 Rg1+ 22. Rxg1 Qxh8 23. Be3 Qxh2 24. O-O-O Qh3 25. Rg8 Ke7 26. c5
Qxf3 27. Bxf3 Ba6 28. Bg5+ f6 29. Bxf6+ 1-0

[Event "mgubl10"]
[Site "?"]
[Date "2017.11.25"]
[Round "8.4"]
[White "Babatov, Martin"]
[Black "Georgiev, Nikolay Zh."]
[Result "1-0"]
[WhiteElo "1578"]
[BlackElo "1588"]
[PlyCount "42"]
[EventDate "2017.11.25"]
[EventType "tourn (blitz)"]
[EventRounds "16"]
[EventCountry "BUL"]

1. f4 d5 2. Nf3 Nf6 3. e3 Bg4 4. Be2 c5 5. O-O e6 6. h3 Bh5 7. b3 Nbd7 8. Bb2
Be7 9. c4 Nb6 10. cxd5 Nbxd5 11. Nc3 O-O 12. Nxd5 Nxd5 13. Ne5 Bxe2 14. Qxe2 f6
15. Nc4 Nb4 16. Bc3 Qd3 17. Qg4 f5 18. Qf3 b5 19. Ne5 Qd5 20. Qg3 Nd3 21. Nxd3
Qd8 1-0

[Event "mgubl10"]
[Site "?"]
[Date "2017.11.25"]
[Round "9.1"]
[White "Simeonov, Daniel"]
[Black "Babatov, Martin"]
[Result "0-1"]
[WhiteElo "1522"]
[BlackElo "1578"]
[PlyCount "52"]
[EventDate "2017.11.25"]
[EventType "tourn (blitz)"]
[EventRounds "16"]
[EventCountry "BUL"]

1. d4 c6 2. e4 d5 3. exd5 cxd5 4. Nf3 Bg4 5. Be2 Nf6 6. O-O e6 7. h3 Bxf3 8.
Bxf3 Be7 9. Bg5 Nc6 10. c3 O-O 11. Bxf6 Bxf6 12. Nd2 Rc8 13. Re1 a6 14. Nb3 Be7
15. Qd2 Na5 16. Nxa5 Qxa5 17. Be2 Rc7 18. Bd3 b5 19. a3 Rfc8 20. Qe2 Qb6 21.
Qh5 g6 22. Qg4 a5 23. h4 b4 24. cxb4 axb4 25. h5 bxa3 26. bxa3 Rc3 0-1

[Event "mgubl10"]
[Site "?"]
[Date "2017.11.25"]
[Round "9.4"]
[White "Ivanov, Daniel"]
[Black "Iliev, Dimitar"]
[Result "0-1"]
[WhiteElo "1758"]
[BlackElo "2145"]
[PlyCount "128"]
[EventDate "2017.11.25"]
[EventType "tourn (blitz)"]
[EventRounds "16"]
[EventCountry "BUL"]

1. e4 c6 2. Nf3 d6 3. d4 Qc7 4. c4 e5 5. d5 Bg4 6. Nc3 Nf6 7. Be2 Be7 8. O-O
O-O 9. h3 Bxf3 10. Bxf3 a6 11. a4 a5 12. Be3 Na6 13. Bd2 Nb4 14. Ne2 Nd3 15.
Qc2 Nc5 16. b4 axb4 17. Bxb4 Nfd7 18. a5 cxd5 19. cxd5 Rfc8 20. Rfc1 Qd8 21.
Qb2 Nd3 22. Rxc8 Rxc8 23. Qd2 Nxb4 24. Qxb4 Nc5 25. Bg4 Ra8 26. Rb1 g6 27. Nc3
h5 28. Be2 Qxa5 29. Qxa5 Rxa5 30. Bf3 Bg5 31. Nb5 Be7 32. Nc7 Kg7 33. g4 hxg4
34. hxg4 Ra2 35. Kg2 Bh4 36. Kh3 Bxf2 37. Rf1 Be3 38. g5 Bxg5 39. Kg4 Bf4 40.
Bh1 Nd7 41. Rb1 Nf6+ 42. Kf3 Ra3+ 43. Ke2 Re3+ 44. Kf2 Ng4+ 45. Kf1 Rh3 46. Bg2
Ne3+ 47. Kf2 Rh2 48. Rg1 g5 49. Nb5 g4 50. Nxd6 g3+ 51. Kf3 b6 52. Nf5+ Nxf5
53. exf5 Kf6 54. Ke4 Rh8 55. Bf3 Rb8 56. Rh1 b5 57. Rb1 b4 58. Kd3 Kxf5 59.
Be4+ Kg4 60. Kc4 f5 61. Rxb4 Rxb4+ 62. Kxb4 fxe4 63. d6 Bg5 64. Kc4 Kf3 0-1

[Event "mgubl10"]
[Site "?"]
[Date "2017.11.25"]
[Round "10.1"]
[White "Ivanov, Daniel"]
[Black "Metev, Martin"]
[Result "0-1"]
[WhiteElo "1758"]
[BlackElo "1987"]
[PlyCount "88"]
[EventDate "2017.11.25"]
[EventType "tourn (blitz)"]
[EventRounds "16"]
[EventCountry "BUL"]

1. e4 e6 2. d4 d5 3. exd5 exd5 4. Nf3 Nf6 5. c3 Bd6 6. Bd3 O-O 7. O-O Bg4 8. h3
Bh5 9. Be3 Re8 10. Nbd2 Nbd7 11. Qc2 b6 12. Rae1 c5 13. Bg5 Qc7 14. Bxf6 Nxf6
15. Ne5 Bxe5 16. Rxe5 Rxe5 17. dxe5 Qxe5 18. b3 Re8 19. Rc1 Bg6 20. Bxg6 hxg6
21. Nf1 Qe2 22. Ne3 Qxc2 23. Rxc2 d4 24. cxd4 cxd4 25. Nc4 Re1+ 26. Kh2 Ne4 27.
f3 Nc3 28. Rd2 Rd1 29. Rxd1 Nxd1 30. Nd2 Nc3 31. a4 Kf8 32. Kg1 Ke7 33. f4 Kd6
34. Kf2 f5 35. g4 Ne4+ 36. Nxe4+ fxe4 37. h4 Ke6 38. Ke2 Kd5 39. Kd2 e3+ 40.
Kd3 Ke6 41. b4 a6 42. Ke2 Kd6 43. Kd3 Kd5 44. Ke2 Ke4 0-1

[Event "mgubl10"]
[Site "?"]
[Date "2017.11.25"]
[Round "10.3"]
[White "Dimova, Mariya"]
[Black "Babatov, Martin"]
[Result "1-0"]
[WhiteElo "1434"]
[BlackElo "1578"]
[PlyCount "89"]
[EventDate "2017.11.25"]
[EventType "tourn (blitz)"]
[EventRounds "16"]
[EventCountry "BUL"]

1. e4 c6 2. d4 d5 3. e5 Bf5 4. Bf4 e6 5. Nf3 Ne7 6. Nh4 Nd7 7. Nxf5 Nxf5 8. Bd3
g6 9. c3 Bg7 10. Nd2 Qb6 11. b3 c5 12. Nf3 cxd4 13. Bxf5 gxf5 14. cxd4 Rc8 15.
O-O O-O 16. Qd2 Rc7 17. Rad1 Rfc8 18. Bh6 Rc2 19. Qe3 Rxa2 20. Bxg7 Kxg7 21.
Qg5+ Kh8 22. Qh6 Qd8 23. Ng5 Qg8 24. Rd3 Qg6 25. Qh4 Rac2 26. Rg3 R8c3 27. Nf3
Qxg3 28. Qxg3 Rxb3 29. Qh4 a5 30. Qd8+ Kg7 31. Qxd7 h6 32. Nh4 b5 33. Nxf5+
exf5 34. Qxf5 a4 35. Qxc2 b4 36. f4 Ra3 37. f5 b3 38. Qb2 Ra2 39. Qb1 a3 40.
Qxb3 Rd2 41. Qxd5 a2 42. e6 Rb2 43. e7 Rb1 44. Qxa2 Rxf1+ 45. Kxf1 1-0

[Event "mgubl10"]
[Site "?"]
[Date "2017.11.25"]
[Round "10.4"]
[White "Simeonov, Daniel"]
[Black "Georgiev, Nikolay Zh."]
[Result "1-0"]
[WhiteElo "1522"]
[BlackElo "1588"]
[PlyCount "48"]
[EventDate "2017.11.25"]
[EventType "tourn (blitz)"]
[EventRounds "16"]
[EventCountry "BUL"]

1. d4 d5 2. e3 Nf6 3. c4 c6 4. Nc3 Bg4 5. f3 Bf5 6. Nge2 e6 7. Ng3 dxc4 8. Nxf5
exf5 9. Bxc4 Bb4 10. O-O O-O 11. Qb3 Bxc3 12. bxc3 b5 13. Bd3 g6 14. Bb2 Re8
15. Rfe1 Qd5 16. Qc2 Nbd7 17. Rad1 Qxa2 18. c4 bxc4 19. Bxc4 Qa5 20. Bc3 Qc7
21. d5 cxd5 22. Bxd5 Rac8 23. Bxf7+ Kxf7 24. Qb3+ Kg7 1-0

[Event "mgubl10"]
[Site "?"]
[Date "2017.11.25"]
[Round "11.1"]
[White "Georgiev, Nikolay Zh."]
[Black "Dimova, Mariya"]
[Result "1-0"]
[WhiteElo "1588"]
[BlackElo "1434"]
[PlyCount "69"]
[EventDate "2017.11.25"]
[EventType "tourn (blitz)"]
[EventRounds "16"]
[EventCountry "BUL"]

1. e4 e5 2. Nf3 Nc6 3. d4 exd4 4. Nxd4 Nxd4 5. Qxd4 c6 6. Nc3 Nf6 7. Bf4 Be7 8.
O-O-O a6 9. f3 b5 10. Bd6 O-O 11. Bxe7 Qxe7 12. Qd6 Qd8 13. g3 a5 14. Bh3 b4
15. Na4 Ra6 16. Nc5 Ra7 17. g4 h6 18. Rhg1 Qb6 19. g5 hxg5 20. Rxg5 Rd8 21.
Qxf6 g6 22. Qd4 d6 23. Nb3 a4 24. Qxb6 axb3 25. Qxa7 bxa2 26. Qxa2 Bxh3 27.
Rxg6+ Kf8 28. Rf6 Rd7 29. Qa8+ Ke7 30. Rh6 Be6 31. f4 d5 32. f5 Rd8 33. Qxc6
Bd7 34. Qd6+ Ke8 35. Rh8# 1-0

[Event "mgubl10"]
[Site "?"]
[Date "2017.11.25"]
[Round "11.3"]
[White "Mladenov, Andrey"]
[Black "Ivanov, Daniel"]
[Result "1/2-1/2"]
[WhiteElo "1595"]
[BlackElo "1758"]
[PlyCount "126"]
[EventDate "2017.11.25"]
[EventType "tourn (blitz)"]
[EventRounds "16"]
[EventCountry "BUL"]

1. e4 e6 2. d4 d5 3. exd5 exd5 4. Nd2 Bd6 5. c3 Nf6 6. Ngf3 h6 7. Bd3 O-O 8.
O-O Nc6 9. Re1 Bg4 10. h3 Bd7 11. Nf1 Re8 12. Ne3 Ne4 13. Nxd5 Bf5 14. Ne3 Bg6
15. Nd2 Nxf2 16. Kxf2 Bxd3 17. Nf3 Be4 18. Nc4 Bxf3 19. Rxe8+ Qxe8 20. Qxf3 Qd7
21. Nxd6 cxd6 22. Bf4 d5 23. Re1 Rd8 24. Qg3 Qf5 25. Kg1 g5 26. Be5 f6 27. Bc7
Rd7 28. Bd6 Kh7 29. Ba3 Qg6 30. Re6 Rf7 31. Qe1 Qf5 32. Re8 Qg6 33. Re2 Qh5 34.
Qf2 f5 35. Re8 f4 36. Qe2 Qxe2 37. Rxe2 f3 38. Rf2 Kg6 39. Rxf3 Rxf3 40. gxf3
Kf5 41. Kf2 h5 42. Kg3 Nd8 43. Be7 Ne6 44. Bd6 b5 45. h4 gxh4+ 46. Kxh4 Nf4 47.
Bxf4 Kxf4 48. Kxh5 Kxf3 49. Kg5 Ke4 50. Kf6 a5 51. Ke6 b4 52. Kd6 bxc3 53. bxc3
a4 54. Kc5 Kd3 55. Kxd5 Kxc3 56. Kc5 Kb2 57. d5 a3 58. d6 Kxa2 59. d7 Kb1 60.
d8=Q a2 61. Qd1+ Kb2 62. Qd2+ Kb1 63. Qb4+ Ka1 1/2-1/2

[Event "mgubl10"]
[Site "?"]
[Date "2017.11.25"]
[Round "11.4"]
[White "Metev, Martin"]
[Black "Iliev, Dimitar"]
[Result "0-1"]
[WhiteElo "1987"]
[BlackElo "2145"]
[PlyCount "100"]
[EventDate "2017.11.25"]
[EventType "tourn (blitz)"]
[EventRounds "16"]
[EventCountry "BUL"]

1. e4 c6 2. d4 d6 3. c4 e5 4. dxe5 dxe5 5. Qxd8+ Kxd8 6. Nf3 f6 7. Nc3 Be6 8.
Be3 Nd7 9. O-O-O Kc7 10. g3 b6 11. b3 Bc5 12. Bxc5 Nxc5 13. Kc2 Bg4 14. Be2 Ne6
15. Kd2 Rd8+ 16. Ke3 Bxf3 17. Bxf3 Nd4 18. Bg2 Nh6 19. h3 Nf7 20. f4 Rd7 21.
Ne2 Nc2+ 22. Kf2 Rhd8 23. Nc3 Rd2+ 24. Rxd2 Rxd2+ 25. Ne2 Nd4 26. Bf3 Rxa2 27.
Rb1 Nd6 28. Ke3 Nxf3 29. Kxf3 Nxe4 30. Kxe4 Rxe2+ 31. Kf5 exf4 32. gxf4 Rf2 33.
Re1 g6+ 34. Kxf6 Rxf4+ 35. Kg5 Rf5+ 36. Kg4 Kd6 37. Rd1+ Kc5 38. Rd7 h5+ 39.
Kh4 a5 40. Rg7 Rf6 41. Kg5 Rf3 42. Kh4 Rxb3 43. Rxg6 Rb4 44. Kxh5 Rxc4 45. h4
a4 46. Kg5 a3 47. Rg8 Ra4 48. Rf8 a2 49. Rf5+ Kd6 50. Rf6+ Ke7 0-1

[Event "mgubl10"]
[Site "?"]
[Date "2017.11.25"]
[Round "12.1"]
[White "Iliev, Dimitar"]
[Black "Mladenov, Andrey"]
[Result "1-0"]
[WhiteElo "2145"]
[BlackElo "1595"]
[PlyCount "45"]
[EventDate "2017.11.25"]
[EventType "tourn (blitz)"]
[EventRounds "16"]
[EventCountry "BUL"]

1. e4 d6 2. d4 Nf6 3. Nc3 g6 4. f4 Bg7 5. Nf3 O-O 6. e5 dxe5 7. dxe5 Qxd1+ 8.
Nxd1 Ng4 9. h3 Nh6 10. g4 f6 11. Bc4+ Kh8 12. e6 Nc6 13. Ne3 Na5 14. Bd5 c6 15.
b4 cxd5 16. bxa5 Bxe6 17. Nd4 Bg8 18. Ba3 Rfe8 19. O-O-O e5 20. fxe5 fxe5 21.
Nb5 Rad8 22. Nc7 Re7 23. Bxe7 1-0